000 00628cab a2200217 4500
001 WB3139-40
008 090401t1995 xxu||||| |||| 00| 0 eng d
035 _a(Sirsi) u2882
041 _aeng
245 _aEnvironment Act provisions brought into force
260 _c1995
350 _a0
490 _aScottish Office News Release
_v(1334/95) 12 October 1995, (2)
520 _aLists sections of the Environment Act 1995 which come into force today.
650 _aENVIRONMENT ACT 1995
650 _aIMPLEMENTATION
690 _aENVIRONMENTAL AND LAND CONSULTANCY
690 _aLAW
942 _n0
948 _c04/03/1997
999 _c1735
_d1735